Численное моделирование процесса испарения капель несимметричного диметилгидразина в атмосфере Земли; Известия Томского политехнического университета [Известия ТПУ]; Т. 311, № 4 : Энергетика
| Parent link: | Известия Томского политехнического университета [Известия ТПУ]/ Томский политехнический университет (ТПУ).— , 2000- Т. 311, № 4 : Энергетика.— 2007.— [С. 46-49] |
|---|---|
| Hovedforfatter: | |
| Andre forfattere: | , |
| Summary: | Заглавие с титульного листа Электронная версия печатной публикации Смоделирован процесс испарения капель несимметричного деметилгидразина при их движении к поверхности земли после разгерметизации топливных баков ракет-носителей на высотах до 50 км. |
| Sprog: | russisk |
| Udgivet: |
2007
|
| Serier: | Энергетика |
| Fag: | |
| Online adgang: | http://www.lib.tpu.ru/fulltext/v/Bulletin_TPU/2007/v311/i4/09.pdf |
| Format: | MixedMaterials Electronisk Book Chapter |
| KOHA link: | https://koha.lib.tpu.ru/cgi-bin/koha/opac-detail.pl?biblionumber=172581 |
MARC
| LEADER | 00000nla2a2200000 4500 | ||
|---|---|---|---|
| 001 | 172581 | ||
| 005 | 20240117120459.0 | ||
| 035 | |a (RuTPU)RU\TPU\book\187152 | ||
| 035 | |a RU\TPU\book\187148 | ||
| 090 | |a 172581 | ||
| 100 | |a 20091215d2007 k y0rusy50 ca | ||
| 101 | 0 | |a rus | |
| 102 | |a RU | ||
| 135 | |a drnn ---uucaa | ||
| 181 | 0 | |a i | |
| 182 | 0 | |a b | |
| 200 | 1 | |a Численное моделирование процесса испарения капель несимметричного диметилгидразина в атмосфере Земли |f А. Е. Долотов, Г. В. Кузнецов, Т. Н. Немова | |
| 203 | |a Текст |c электронный | ||
| 215 | |a 1 файл (300 Кб) | ||
| 225 | 1 | |a Энергетика | |
| 300 | |a Заглавие с титульного листа | ||
| 300 | |a Электронная версия печатной публикации | ||
| 320 | |a [Библиогр.: с. 49 (7 назв.)] | ||
| 330 | |a Смоделирован процесс испарения капель несимметричного деметилгидразина при их движении к поверхности земли после разгерметизации топливных баков ракет-носителей на высотах до 50 км. | ||
| 337 | |a Adobe Reader | ||
| 461 | 1 | |0 (RuTPU)RU\TPU\book\176237 |t Известия Томского политехнического университета [Известия ТПУ] |f Томский политехнический университет (ТПУ) |d 2000- | |
| 463 | 1 | |0 (RuTPU)RU\TPU\book\187129 |x 1684-8519 |t Т. 311, № 4 : Энергетика |v [С. 46-49] |d 2007 |p 158 с. | |
| 610 | 1 | |a численное моделирование | |
| 610 | 1 | |a испарение | |
| 610 | 1 | |a капли | |
| 610 | 1 | |a диметилгидразин | |
| 610 | 1 | |a Земля | |
| 610 | 1 | |a атмосфера | |
| 610 | 1 | |a разгерметизация | |
| 610 | 1 | |a топливные баки | |
| 610 | 1 | |a ракеты-носители | |
| 610 | 1 | |a труды учёных ТПУ | |
| 610 | 1 | |a электронный ресурс | |
| 700 | 1 | |a Долотов |b А. Е. |c ассистент Томского политехнического университета |c специалист в области инженерной графики и начертательной геометрии |f 1985- |g Александр Евгеньевич |3 (RuTPU)RU\TPU\pers\25513 | |
| 701 | 1 | |a Кузнецов |b Г. В. |c специалист в области теплоэнергетики |c профессор Томского политехнического университета, доктор физико-математических наук |f 1949- |g Гений Владимирович |3 (RuTPU)RU\TPU\pers\25528 |9 11458 | |
| 701 | 1 | |a Немова |b Т. Н. | |
| 801 | 1 | |a RU |b 63413507 |c 20090623 |g PSBO | |
| 801 | 2 | |a RU |b 63413507 |c 20211116 |g PSBO | |
| 856 | 4 | |u http://www.lib.tpu.ru/fulltext/v/Bulletin_TPU/2007/v311/i4/09.pdf | |
| 942 | |c CF | ||